Montana counties - Statistics

General Stats
  • This quiz has been taken 4 times
  • The average score is 7 of 20
Answers on the Map
Answers color-coded by a green-red scale on the quiz's map according to % correct below.
 
Answer Stats
Answer % Correct
24
100%
12
50%
19
50%
48
50%
8
50%
10
25%
11
25%
21
25%
22
25%
23
25%
3
25%
32
25%
36
25%
40
25%
44
25%
47
25%
49
25%
55
25%
6
25%
53
0%
No matching quizzes found
Score Distribution
Percent of People with Each Score
Percentile by Number Answered
Your Score History
You have not taken this quiz